000 00382nam a2200169Ia 4500
003 0STCL
008 150530s9999 xx 000 0 und d
040 _aSTCL
_cSTCL
100 _aLionel Giles
245 _aGallery of Chinese immortals
250 _aFirst
260 _bJohn Murray
_c1948
546 _aEnglish
942 _2ddc
_cBK
999 _c69113
_d69113
005 20220125171411.0